Marvel Movies by Character - Statistics

General Stats
  • This quiz has been taken 274 times
  • The average score is 21 of 30
Answer Stats
Characters Movie % Correct
Peter Parker, Norman Osborn, Ben Parker Spider-Man
100%
Wolverine, Professor X, Magneto X-Men
96%
Tony Stark, Pepper Potts, James "Rhodey" Rhodes Iron Man
95%
Loki, Odin, Jane Foster Thor
94%
Bruce Banner, Betty Ross, David Banner Hulk
92%
Steve Rogers, Peggy Carter, Red Skull Captain America: The First Avenger
90%
Nick Fury, Phil Coulson, Hawkeye The Avengers
90%
Star-Lord, Gamora, Drax Guardians of the Galaxy
83%
Dr. Octopus, Mary Jane Watson, Harry Osborn Spider-Man 2
83%
Scarlet Witch, Quicksilver, Ultron Avengers: Age of Ultron
81%
Invisible Woman, Human Torch, Dr. Doom Fantastic Four
80%
Hank Pym, Scott Lang, Yellowjacket Ant-Man
79%
Venom, Sandman, May Parker Spider-Man 3
78%
Whiplash, Black Widow, Justin Hammer Iron Man 2
76%
Lizard, Gwen Stacy, George Stacy The Amazing Spider-Man
76%
Vision, Black Panther, Crossbones Captain America: Civil War
71%
Mandarin, Aldrich Killian, Maya Hensen Iron Man 3
71%
Wade Wilson, Francis, Weasel Deadpool
69%
Sharon Carter, Bucky Barnes, Falcon Captain America: The Winter Soldier
64%
Malekith, Erik Delving, Heimdall Thor: The Dark World
64%
Rhino, Electro, Donald Menken The Amazing Spider-Man 2
59%
Abomination, Thaddeus "Thunderbolt" Ross, Samuel Sterns The Incredible Hulk
57%
Shingen Yashida, Marijo Yashida, Yukio The Wolverine
57%
Mystique, Beast, Havok X-Men: First Class
52%
Psylocke, Apocalypse, Jean Grey X-Men: Apocalypse
50%
Kitty Pryde, Iceman, Bishop X-Men: Days of Future Past
50%
Thing, Silver Surfer, Galactus Fantastic Four: Rise of the Silver Surfer
49%
Phoenix, Angel, Cyclops X-Men: The Last Stand
47%
Storm, Nightcrawler, William Stryker X2
43%
Sabertooth, The Blob, Gambit X-Men Origins: Wolverine
39%
No matching quizzes found
Score Distribution
Percent of People with Each Score
Percentile by Number Answered
Your Score History
You have not taken this quiz